000 00763nam a2200241 i 4500
001 12931
003 ES-MaACL
005 20250809151040.0
007 t|
008 971014s1996 sp ||||1| spa d
020 _a84-253-2959-0
080 _a902
245 0 0 _aArqueología
_b: paseos virtuales por las civilizaciones desaparecidas /
_cIdea original Maurizio Forte ; presentación Jean Leclant ; traducción Rosa Solá.
250 _a1 ed.
260 _a[Barcelona] :
_bGrijalbo,
_c1996.
300 _a295 p. :
_bil. ;
_c30 cm.
650 7 _aArqueología
_2embne
_99975
700 1 _aForte, Maurizio.
_951842
700 1 _aLeclant, Jean.
_971083
700 1 _aSolá, Rosa.
_9107050
852 _aES-MaACL
_jL-20253
_bR.126187
999 _c12931
_d12931